Coastal environment improvement in magrove/wetland ecosystems

Spremljeno u:
Bibliografski detalji
Format: Knjiga
Jezik:Undetermined
Izdano: Thailand Royah Princess Hotel 1998
Teme:
Oznake: Dodaj oznaku
Bez oznaka, Budi prvi tko označuje ovaj zapis!
Thư viện lưu trữ: Trung tâm Học liệu Trường Đại học Cần Thơ
LEADER 00486nam a2200157Ia 4500
001 CTU_138252
008 210402s9999 xx 000 0 und d
082 |a 363.7 
082 |b C652 
245 0 |a Coastal environment improvement in magrove/wetland ecosystems 
260 |a Thailand 
260 |b Royah Princess Hotel 
260 |c 1998 
650 |a Environmental health,Môi trường sức khoẻ 
904 |i Tuyến 
980 |a Trung tâm Học liệu Trường Đại học Cần Thơ